Vista normal
Vista MARC
Entrada Corporate Name
Número de registros utilizados en: 1
001 - CONTROL NUMBER
- control field: 9561
003 - CONTROL NUMBER IDENTIFIER
- control field: OSt
005 - DATE AND TIME OF LATEST TRANSACTION
- control field: 20200901115437.0
008 - FIXED-LENGTH DATA ELEMENTS
- fixed length control field: 200901|| aca||aabn | a|a d
040 ## - CATALOGING SOURCE
- Original cataloging agency: OSt
- Transcribing agency: OSt
110 ## - HEADING--CORPORATE NAME
- Corporate name or jurisdiction name as entry element: Centro Latinoamericano de Administración Para el Desarrollo (CLAD)
670 ## - SOURCE DATA FOUND
- Source citation: Work cat.: (OSt)6087: Centro Latinoamericano de Administración Para el Desarrollo (CLAD), La educación virtual como instrumento de la profesionalización de la función pública en América Latina y el Caribe /, 2008.